Statistics for New Orleans Pelicans NBA Playoffs Leaders Per Year

Click here to take the quiz!

General Stats

  • This quiz has been taken 379 times
    (18 since last reset)
  • The average score is 9 of 18

Answer Stats

Player% Correct
Brandon Ingram
100%
Anthony Davis
94%
Baron Davis
94%
Chris Paul
89%
CJ McCollum
83%
Jonas Valančiūnas
83%
Herbert Jones
72%
Trey Murphy III
61%
David West
44%
Rajon Rondo
33%
Tyson Chandler
33%
Tyreke Evans
22%
Emeka Okafor
17%
Jamaal Magloire
17%
P.J. Brown
17%
Jerome Moiso
0%
Quincy Pondexter
0%
Rasual Butler
0%

Score Distribution

Percentile by Number Answered

Percent of People with Each Score

Your Score History

You have not taken this quiz since the last reset